| 000 | 01017cam a2200313 i 4500 | ||
|---|---|---|---|
| 020 | _a9784924971349 | ||
| 020 | _a4924971340 | ||
| 040 | _cLWU | ||
| 041 | 1 | _hjpn | |
| 082 | 0 | 4 | _a746INT 2013 A085 Or. |
| 100 | 1 | _aTanaka, Yƫko, | |
| 245 | 1 | 4 |
_aThe power of the weave : _bthe hidden meanings of cloth / |
| 246 | 3 | 0 | _aHidden meanings of cloth |
| 250 | _aFirst English edition. | ||
| 300 |
_axiii, 222 pages, 12 unnumbered pages of plates : _billustrations (some color) ; _c24 cm. |
||
| 490 | 1 | _aLTCB international library selection ; | |
| 500 | _a"LTCB International Library Trust/International House of Japan." | ||
| 500 | _aTranslation of: Nuno no chikara : Edo kara ima e. | ||
| 650 | 0 | _aTextile fabrics | |
| 650 | 0 | _aTextile fabrics | |
| 650 | 7 | _aTextile fabrics. | |
| 650 | 7 | _aTextile fabrics | |
| 650 | 7 | _aTextilier | |
| 650 | 7 | _aTextilier | |
| 700 | 1 | _aHarcourt, Geraldine, | |
| 710 | 2 | _aLTCB International Library Trust. | |
| 710 | 2 | _aKokusai Bunka Kaikan (Tokyo, Japan) | |
| 942 | _cEK | ||
| 999 |
_c13136 _d13136 |
||